| 000 | 00709nab a2200217u 4500 | ||
|---|---|---|---|
| 001 | 19374 | ||
| 003 | HDC | ||
| 007 | c| |||a|c|aaaa | ||
| 008 | 210226b20111219my ||||o |||| 00| 0 eng d | ||
| 040 | _aHDC | ||
| 245 | 3 | _aAn RFID-Based Validation System for Halal Food | |
| 336 |
_atext _2rdacontent |
||
| 337 |
_acomputer _2rdamedia |
||
| 338 |
_aonline resource _2rdacarrier |
||
| 650 |
_afake Halal logos and certificates _917818 |
||
| 650 |
_aHalal precepts _917819 |
||
| 856 | _zRequest full-text at [email protected] | ||
| 942 | _2lcc | ||
| 942 | _cNEWS | ||
| 942 | _kNWS0 003537 | ||
| 999 |
_c16690 _d16690 |
||